| 000 | 01118nam a2200253Ia 4500 | ||
|---|---|---|---|
| 001 | 18198 | ||
| 003 | GE_BSU | ||
| 008 | 181216s||||||||xx |||||||||||||| ||und|| | ||
| 020 | _a978-9941-13-099-1 | ||
| 040 | _cGE_BSU | ||
| 080 | _a811.112.2'36 | ||
| 100 | _aანდრაზაშვილი,მარინა | ||
| 245 | _aგერმანული ენის გრამატიკა = Grammatik der deutschen Sprache : 4 წიგნად. წ.2: მორფოლოგია II | ||
| 250 | _aმე-2 გადამუშავებული და გავრცობილი გამოცემა. ივ. ჯავახიშვილის სახ. თსუ | ||
| 260 | _aთბილისი | ||
| 260 | _bთბილისის უნ-ტის გამ-ბა | ||
| 260 | _c2009 | ||
| 300 | _a972 გვ.27სმ. | ||
| 541 | _h30ლ. | ||
| 653 | _aGrammatik der deutschen Sprache | ||
| 653 | _aგერმანული ენის გრამატიკა | ||
| 653 | _aგერმანული ენისმორფოლოგია | ||
| 942 | _cBK | ||
| 999 |
_c51238 _d51238 |
||